| 000 | 00737 a2200253 4500 | ||
|---|---|---|---|
| 003 | Nust | ||
| 005 | 20170207154043.0 | ||
| 020 | _a0-335-21933-0 (hft.) | ||
| 020 | _a0-335-21934-9 (inb.) | ||
| 020 | _a978-0-335-21933-9 | ||
| 020 | _a978-0-335-21934-6 | ||
| 040 | _cNust | ||
| 082 | 0 | 4 | _a808.02 |
| 100 | 1 | _aMurray, Rowena | |
| 245 | 1 | 4 |
_aThe handbook of academic writing (E-BOOK) _ba fresh approach / _cRowena Murray and Sarah Moore |
| 260 |
_aMaidenhead : _bOpen University Press, _c2006 |
||
| 300 | _a196 s. | ||
| 650 | 4 | _aAcademic writing | |
| 650 | 4 | _aRedigeringsteknik | |
| 650 | 4 | _aScholarly publishing | |
| 650 | 4 | _aVetenskaplig publicering | |
| 651 | _aThe handbook of academic writing (E-BOOK) | ||
| 700 | 1 | _aMoore, Sarah | |
| 942 |
_2ddc _cBK |
||
| 999 |
_c192732 _d192732 |
||